000 02907cam a22004457i 4500
999 _c119318
_d119318
003 BJBSDDR
005 20230805181433.0
007 ta
008 080523 2017
020 _a9781119345374 (pbk.)
020 _a1119345375
035 _a(OCoLC)ocn956395631
040 _aYDXCP
_beng
_cYDXCP
041 _aspa
042 _alccopycat
050 1 4 _aQH 307.2
_bK89b 2017
082 0 4 _a570
_223
100 _aKratz, Rene Fester,
245 1 0 _aBiology /
_cby René Fester Kratz.
246 3 _aBiology for dummies
250 _a3rd edition.
264 1 _aHoboken, NJ :
_bJohn Wiley & Sons,
_c2017.
300 _a390 pages :
_billustrations ;
_c24 cm.
336 _atext
_btxt
_2rdacontent
337 _aunmediated
_bn
_2rdamedia
338 _avolume
_bnc
_2rdacarrier
500 _a"For dummies®, a Wiley brand"-- Title page.
500 _a"Learning made easy"-- Cover.
500 _aIncludes index.
505 0 _aBiology basics. Exploring the living world ; How life is studied ; The chemistry of life ; The living cell ; Acquiring energy to run the motor -- Let's talk about sex, baby : cell reproduction and genetics. Dividing to conquer : cell division ; Making Mendel proud : understanding genetics ; Reading the Book of Life : DNA and proteins ; Engineering the code : DNA technology -- It's a small, interconnected world. Exploring the living world : biodiversity and classification ; Observing how organisms get along ; Evolving species in an ever-changing world -- Systems galore! : animal structure and function. Pondering the principles of physiology ; Moving and shaking : skeletal and muscular systems ; Going with the flow : respiratory and circulatory systems ; Checking out the plumbing : animal digestive and excretory systems ; Fighting back : human defenses ; The nervous and endocrine systems, messengers extraordinaire ; Reproduction 101 : making more animals -- It's not easy being green : plant structure and function. Living the life of a plant ; Probing into plant physiology -- The part of tens. Ten great biology discoveries ; Ten ways biology affects your life.
520 _aBiology is one of the top two major sciences (chemistry is the other) taught in the classroom at any level, and students of all different aptitudes and propensities are required to take biology. For a new and more focused audience Biology For Dummies, 3rd Edition is a course supplement for those students currently enrolled in an introductory biology course whether at the high school or fundamental college level (non-majors). --
_cPublisher.
650 0 _aBiology.
650 4 _aBiología
_96160
650 4 _aBiología
_929040
_xEstudio y enseñanza
_vGuías y manuales
650 7 _aBiology
_xStudy and teaching.
655 7 _aHandbooks and manuals.
_2fast
_0(OCoLC)fst01423877
655 7 _aHandbooks and manuals.
_2lcgft
830 0 _a--For dummies.
942 _2lcc
_cBK